LDR 00944naa#a2200217#i#450# 001 RU\\bibl\119438 005 20260515050332.5 011 ## _a2500-4026 100 ## _a20170630b2017####ek#y0rusy0150####ca 101 0# _aRUS 102 ## _aRU 200 1# _aО ВОЗМОЖНОСТЯХ ПОЖАРНО-ТЕХНИЧЕСКОЙ ЭКСПЕРТИЗЫ ПРИ АНАЛИЗЕ СТРОИТЕЛЬНЫХ МАТЕРИАЛОВ _eЖурнальная статья 210 1# _aЖелезногорск _cФГБОУ ВО Сибирская пожарно-спасательная академия ГПС МЧС России _d2017 215 ## _a4 с. 608 ## _aЖурнальная статья _2local 675 ## _aСтроительные материалы и изделия. 691 _zRUS 700 #1 _aДолгушина _gЛ В 700 #1 _aЛагунов _gА Н 700 #1 _aЕфремов _gИ Г 700 #1 _aГапоненко _gМ В 856 4# _avestnik-sibpsa.editorum.ru _u